UITU Library & LRC     

Digital customer service: (Record no. 31572)

MARC details
000 -LEADER
fixed length control field 00439nam a2200157Ia 4500
008 - FIXED-LENGTH DATA ELEMENTS--GENERAL INFORMATION
fixed length control field 250916s9999 xx 000 0 und d
020 ## - INTERNATIONAL STANDARD BOOK NUMBER
International Standard Book Number 978-1-119-84190-6
082 ## - DEWEY DECIMAL CLASSIFICATION NUMBER
Classification number 658.812 DEL
100 ## - MAIN ENTRY--PERSONAL NAME
Personal name Delisi, Rick
245 #0 - TITLE STATEMENT
Title Digital customer service:
Remainder of title transforming customer experience for an on-screen world
250 ## - EDITION STATEMENT
Edition statement 1st
260 ## - PUBLICATION, DISTRIBUTION, ETC.
Place of publication, distribution, etc. New York:
Name of publisher, distributor, etc. John Wiley & Sons,
Date of publication, distribution, etc. 2021
300 ## - PHYSICAL DESCRIPTION
Extent 224 p.
600 ## - SUBJECT ADDED ENTRY--PERSONAL NAME
Personal name Management
942 ## - ADDED ENTRY ELEMENTS (KOHA)
Koha item type Books
Holdings
Withdrawn status Lost status Damaged status Not for loan Collection Home library Current library Date acquired Source of acquisition Cost, normal purchase price Total checkouts Full call number Barcode Date last seen Cost, replacement price Price effective from Koha item type
        Managament Sciences UITU Library UITU Library 07/31/2025 A.R. Book Company 7105.50   658.812 DEL Q15947 09/16/2025 9474.00 09/16/2025 Books

Powered by Koha